Traité de paléontologie (Record no. 45356)
[ view plain ]
| 000 -LEADER | |
|---|---|
| fixed length control field | 00471 a2200205 4500 |
| 037 ## - SOURCE OF ACQUISITION | |
| Stock number | 4331 4335 4330 4334 4333 4337 4336 4332 |
| 100 ## - VEDETTE PRINCIPALE - NOM DE PERSONNE | |
| Language of a work | Fr |
| 100 ## - VEDETTE PRINCIPALE - NOM DE PERSONNE | |
| Personal name | Piveteau, Jean |
| 260 ## - PUBLICATION, DISTRIBUTION, ETC. (IMPRINT) | |
| Name of publisher, distributor, etc | Masson |
| 245 ## - TITLE STATEMENT | |
| Title | Traité de paléontologie |
| 260 ## - PUBLICATION, DISTRIBUTION, ETC. (IMPRINT) | |
| Place of publication, distribution, etc | Paris |
| 260 ## - PUBLICATION, DISTRIBUTION, ETC. (IMPRINT) | |
| Date of publication, distribution, etc | 1952 |
| 300 ## - PHYSICAL DESCRIPTION | |
| Extent | 790p |
| 300 ## - PHYSICAL DESCRIPTION | |
| Other physical details | 24 cm |
| 650 ## - SUBJECT ADDED ENTRY--TOPICAL TERM | |
| Topical term or geographic name as entry element | Paléontologie : manuel |
| 630 ## - SUBJECT ADDED ENTRY--UNIFORM TITLE | |
| Uniform title | 56 - Paléontologie - Fossiles |
| 650 ## - SUBJECT ADDED ENTRY--TOPICAL TERM | |
| Topical term or geographic name as entry element | 5 - SCIENCES PURES |
| Withdrawn status | Lost status | Damaged status | Not for loan | Location (home branch) | Sublocation or collection (holding branch) | Date acquired | Koha issues (times borrowed) | Koha full call number | Koha date last seen | Price effective from | Koha item type |
|---|---|---|---|---|---|---|---|---|---|---|---|
| Bibliothèque Universitaire Centrale | Bibliothèque Universitaire Centrale | 28/02/2009 | 560 PIV | 28/02/2009 | 28/02/2009 | Livre |